| 000 | 00626nam a2200241 a 4500 | ||
|---|---|---|---|
| 005 | 20140412111331.0 | ||
| 008 | 030305s19uu xx 00 eng d | ||
| 020 | _a981-01-8203-1 | ||
| 050 |
_aTR(GS 372.7 _bK582 2002 |
||
| 100 | _aKheong, Dr. Fong | ||
| 245 |
_aMaths 2a/ _cDr. Fong Ho Kheong. |
||
| 260 |
_aSingapore : _bFederal Publications, _c2002. |
||
| 300 | _a120 p. ; ill. | ||
| 440 | _aMy Pals are Here! | ||
| 650 | _aMaths--Juvenile literature | ||
| 650 | _aMaths-Study and teaching | ||
| 999 |
_c104934 _d104934 |
||